000 00685nam a22001697a 4500
999 _c14780
_d14780
008 191210b ||||| |||| 00| 0 eng d
082 _22019
_aUT 1376
_bC16
100 _aCanoy, Grace D.
_940872
245 _aFinancial Management Practices and Business Efficiency of the Selected Micro and Small Enterprises in Digos City/
_cGrace D. Canoy, Jewerlyn D. Duroja and Neil Joy Robles
260 _aDigos City
_bUMDC
_cNovember 2019
300 _a67 pages
_c30cm
650 _aBusiness Administration
_vFinancial Management
_xUndergraduate Thesis
_940873
700 _aCanoy, Grace D.
_940872
700 _aDuroja, Jewerlyn D.
_940874
700 _aRobles, Neil Joy
_940875
942 _2ddc
_cUT